000 00367cam a2200157 4500
001 D13652
008 090401t xxu||||| |||| 00| 0 eng d
035 _a(Sirsi) u11003
041 _aeng
245 4 _aThe Property Developer 1964
260 _bThe Property Council & Estates Gazette
_cn d
350 _a0
520 _aShelf 133
942 _n0
948 _c04/03/1997
999 _c86794
_d86794